000
00294nam a22001337a 4500
008
170608b xxu||||| |||| 00| 0 eng d
020
_a
9780321209474
041
_a
eng
080
_2
7TH
_a
327
100
_a
18
101
_a
SHP
245
_a
INTERNATIONAL POLITICS
_c
ART,R.J
942
_2
udc
_c
BK
999
_c
16422
_d
16422